[Event "IECC M1-2010.T003"]
[Site "IECC email"]
[Date "2010.01.14"]
[Round "?"]
[White "Ballueder, Volker"]
[Black "Boychenko, Gennadiy"]
[Result "0-1"]
[WhiteElo "855"]
[BlackElo "1038"]
[PlyCount "38"]
[EventDate "2010.??.??"]
[EventType "match (corr)"]
[EventRounds "2"]
[SourceTitle "Telechess CBM 149"]
[Source "ChessBase"]
[SourceDate "2012.07.17"]
[SourceVersion "1"]
[SourceVersionDate "2012.07.17"]
[SourceQuality "1"]
[WhiteTeam "England"]
[BlackTeam "Ukraine"]
[WhiteTeamCountry "ENG"]
[BlackTeamCountry "UKR"]

1. d4 d5 2. Nf3 Nf6 3. Nc3 e6 4. Bg5 Be7 5. g3 Nbd7 6. Bg2 c5 7. 0-0 cxd4 8. Nxd4 e5 9. Nf5 d4 10. Ne4 0-0 11. e3 h6 12. Bxf6 Nxf6 13. exd4 Bxf5 14. Nxf6+ Bxf6 15. Bxb7 Rb8 16. Bg2 exd4 17. Qh5 Bxc2 18. Rfe1 d3 19. Be4 Bxb2 0-1

[Event "IECC M1-2010.T003"]
[Site "IECC email"]
[Date "2010.01.14"]
[Round "?"]
[White "Boychenko, Gennadiy"]
[Black "Ballueder, Volker"]
[Result "1-0"]
[WhiteElo "1057"]
[BlackElo "846"]
[PlyCount "39"]
[EventDate "2010.??.??"]
[EventType "match (corr)"]
[EventRounds "2"]
[SourceTitle "Telechess CBM 149"]
[Source "ChessBase"]
[SourceDate "2012.07.17"]
[SourceVersion "1"]
[SourceVersionDate "2012.07.17"]
[SourceQuality "1"]
[WhiteTeam "Ukraine"]
[BlackTeam "England"]
[WhiteTeamCountry "UKR"]
[BlackTeamCountry "ENG"]

1. e4 e5 2. f4 exf4 3. Nf3 d6 4. d4 Nf6 5. Nc3 g6 6. Bc4 Bg4 7. Bxf4 Bg7 8. Qe2 0-0 9. 0-0-0 Nbd7 10. h3 Bxf3 11. Qxf3 Re8 12. Rde1 d5 13. Nxd5 Nxd5 14. Bxd5 Bxd4 15. Bh6 Ne5 16. Qd1 Bf2 17. Ref1 Bg3 18. Bxb7 Rb8 19. Bd5 Re7 20. Bf4 1-0

[Event "IECC CL8-2009.06 email"]
[Site "IECC email"]
[Date "2009.11.26"]
[Round "?"]
[White "Caprioli, Vincenzo"]
[Black "Boychenko, Gennadiy"]
[Result "0-1"]
[WhiteElo "1000"]
[BlackElo "1009"]
[PlyCount "24"]
[EventDate "2009.??.??"]
[EventType "tourn (corr)"]
[EventRounds "4"]
[SourceTitle "Corr 2013"]
[Source "ChessBase"]
[SourceDate "2012.11.12"]
[SourceVersion "1"]
[SourceVersionDate "2012.11.12"]
[SourceQuality "1"]
[WhiteTeam "Italy"]
[BlackTeam "US of America"]
[WhiteTeamCountry "ITA"]
[BlackTeamCountry "USA"]

1. e4 e5 2. Nf3 d6 3. Bc4 Nf6 4. Nc3 h6 5. 0-0 Bg4 6. Re1 Nc6 7. h3 Bh5 8. g4 Nxg4 9. hxg4 Bxg4 10. Be2 Qd7 11. d4 Bxf3 12. d5 Qg4+ 0-1